[Event "FRA-ch op-C"]
[Site "Saint Quentin"]
[Date "2015.??.??"]
[Round "8"]
[White "Girault, Simon"]
[Black "Canivet, Arnaud"]
[Result "1-0"]
[WhiteElo "1849"]
[BlackElo "1568"]
[PlyCount "65"]
[EventDate "2015.08.09"]
[EventType "swiss"]
[EventRounds "11"]
[EventCountry "FRA"]
[SourceTitle "EXT 2016"]
[Source "ChessBase"]
[SourceDate "2015.10.08"]
[SourceVersion "1"]
[SourceVersionDate "2015.10.08"]
[SourceQuality "1"]

1. e4 d6 2. d4 g6 3. Nc3 Bg7 4. Nf3 c6 5. a4 a5 6. Be2 Nd7 7. 0-0 Ngf6 8. h3 0-0 9. Be3 h6 10. Qd2 Kh7 11. Rad1 Qc7 12. Ne1 e5 13. d5 Ne8 14. f4 f5 15. Kh1 fxe4 16. Nxe4 Ndf6 17. Nc3 e4 18. g4 Nxd5 19. Nxd5 cxd5 20. Qxd5 Bd7 21. Bb5 Bc6 22. Bxc6 Qxc6 23. Qb3 Ra6 24. c3 Nc7 25. Nc2 d5 26. Nd4 Qd6 27. Nb5 Nxb5 28. axb5 Raa8 29. Rxd5 Qe6 30. Qd1 h5 31. f5 gxf5 32. gxf5 Qf7 33. Rd7 1-0

[Event "FRA-ch op-C"]
[Site "Saint Quentin"]
[Date "2015.??.??"]
[Round "2"]
[White "Girault, Simon"]
[Black "Gautier, Clement"]
[Result "1-0"]
[WhiteElo "1849"]
[BlackElo "1924"]
[PlyCount "21"]
[EventDate "2015.08.09"]
[EventType "swiss"]
[EventRounds "11"]
[EventCountry "FRA"]
[SourceTitle "EXT 2016"]
[Source "ChessBase"]
[SourceDate "2015.10.08"]
[SourceVersion "1"]
[SourceVersionDate "2015.10.08"]
[SourceQuality "1"]

1. e4 e5 2. Bc4 Nf6 3. d3 Bc5 4. Nc3 d6 5. f4 Ng4 6. f5 Nf2 7. Qh5 0-0 8. Bg5 g6 9. fxg6 hxg6 10. Qxg6+ Kh8 11. Qh6+ 1-0

[Event "Caen op"]
[Site "Caen"]
[Date "2013.10.31"]
[Round "1"]
[White "Godart, Francois"]
[Black "Girault, Simon"]
[Result "1-0"]
[WhiteElo "2353"]
[BlackElo "1825"]
[PlyCount "81"]
[EventDate "2013.10.31"]
[EventType "swiss"]
[EventRounds "7"]
[EventCountry "FRA"]
[SourceTitle "EXT 2015"]
[Source "ChessBase"]
[SourceDate "2014.11.20"]
[SourceVersion "1"]
[SourceVersionDate "2014.11.20"]
[SourceQuality "1"]

1. d4 d5 2. Nf3 Nf6 3. e3 e6 4. Bd3 Bd6 5. Nbd2 Nbd7 6. 0-0 0-0 7. e4 dxe4 8. Nxe4 Nxe4 9. Bxe4 h6 10. c4 Nf6 11. Bc2 c5 12. dxc5 Bxc5 13. Qe2 Qe7 14. Bd2 b6 15. a3 Bb7 16. b4 Bd6 17. Bc3 Rac8 18. Rfd1 Bb8 19. Rd4 Rfd8 20. Rh4 Bxf3 21. Qxf3 Nd5 22. g3 Nxc3 23. Qxc3 Qg5 24. Qf3 Rd7 25. Re1 Rcd8 26. Rg4 Qe7 27. Qe3 Qf6 28. c5 bxc5 29. bxc5 Rd4 30. Rxd4 Qxd4 31. Rd1 Qf6 32. Rb1 Rc8 33. Qd3 g6 34. Rb7 Qd8 35. Rd7 Qa5 36. Rxf7 Kxf7 37. Qd7+ Kf6 38. Qxc8 Qc7 39. Qf8+ Ke5 40. Bxg6 a5 41. Qxh6 1-0

[Event "Agneaux St Lo op 15th"]
[Site "Agneaux"]
[Date "2013.07.13"]
[Round "8"]
[White "Girault, Simon"]
[Black "Cogan, Nicolas"]
[Result "0-1"]
[WhiteElo "1782"]
[BlackElo "1922"]
[PlyCount "60"]
[EventDate "2013.07.07"]
[EventType "swiss"]
[EventRounds "9"]
[EventCountry "FRA"]
[SourceTitle "EXT 2014"]
[Source "ChessBase"]
[SourceDate "2013.11.20"]
[SourceVersion "1"]
[SourceVersionDate "2013.11.20"]
[SourceQuality "1"]

1. e4 c5 2. Nc3 g6 3. g3 Bg7 4. Bg2 d6 5. d3 Nf6 6. h3 Nc6 7. Be3 0-0 8. Qd2 Rb8 9. Nge2 b5 10. a3 a5 11. 0-0 b4 12. axb4 axb4 13. Nd1 Bd7 14. Bh6 Ra8 15. Rxa8 Qxa8 16. Bxg7 Kxg7 17. b3 Qa2 18. f4 Rc8 19. Ne3 Nd4 20. f5 Nxb3 21. Qd1 Nd4 22. fxg6 hxg6 23. Nxd4 cxd4 24. Nc4 Be6 25. Nb6 Rxc2 26. Qf3 b3 27. Nd5 Bxd5 28. exd5 b2 29. g4 b1Q 30. g5 Rxg2+ 0-1

[Event "Agneaux St Lo op 15th"]
[Site "Agneaux"]
[Date "2013.07.09"]
[Round "4"]
[White "Girault, Simon"]
[Black "Delabbey, Florian"]
[Result "1-0"]
[WhiteElo "1782"]
[BlackElo "1513"]
[PlyCount "59"]
[EventDate "2013.07.07"]
[EventType "swiss"]
[EventRounds "9"]
[EventCountry "FRA"]
[SourceTitle "EXT 2014"]
[Source "ChessBase"]
[SourceDate "2013.11.20"]
[SourceVersion "1"]
[SourceVersionDate "2013.11.20"]
[SourceQuality "1"]

1. e4 c5 2. Nc3 g6 3. g3 Nc6 4. Bg2 Bg7 5. d3 Nf6 6. Be3 d6 7. h3 0-0 8. Nge2 Bd7 9. 0-0 Rb8 10. Qd2 b5 11. a3 a5 12. f4 b4 13. axb4 axb4 14. Nd1 e6 15. g4 Ra8 16. Rxa8 Qxa8 17. f5 exf5 18. exf5 Qc8 19. Bh6 Ne5 20. Ng3 Qc7 21. Qg5 b3 22. cxb3 Nxd3 23. h4 Bxh6 24. Qxh6 Nxg4 25. Qg5 Nde5 26. Nf2 h6 27. Qf4 Nxf2 28. Rxf2 Kg7 29. fxg6 Nxg6 30. Nh5+ 1-0

[Event "Agneaux St Lo op 15th"]
[Site "Agneaux"]
[Date "2013.07.08"]
[Round "3"]
[White "Monpeurt, Cyrielle"]
[Black "Girault, Simon"]
[Result "1-0"]
[WhiteElo "2043"]
[BlackElo "1782"]
[PlyCount "47"]
[EventDate "2013.07.07"]
[EventType "swiss"]
[EventRounds "9"]
[EventCountry "FRA"]
[SourceTitle "EXT 2014"]
[Source "ChessBase"]
[SourceDate "2013.11.20"]
[SourceVersion "1"]
[SourceVersionDate "2013.11.20"]
[SourceQuality "1"]

1. e4 c6 2. d4 d5 3. Nc3 dxe4 4. Nxe4 Bf5 5. Ng3 Bg6 6. h4 h6 7. Nh3 Nf6 8. Nf4 Bh7 9. Bc4 b5 10. Bb3 a5 11. a3 Nd5 12. 0-0 e6 13. Re1 Nxf4 14. Bxf4 Qxh4 15. Qf3 Kd7 16. Bxb8 Rxb8 17. Qxf7+ Qe7 18. Bxe6+ Kd8 19. Qf3 Qc7 20. d5 c5 21. d6 Qb7 22. Bd5 Qc8 23. Rad1 Bxd6 24. Be6 1-0